[Event "Sinquefield Cup 2023"]
[Site "Saint Louis"]
[Date "21.11.2023"]
[Round "1"]
[White "Vachier Lagrave, Maxime"]
[Black "Aronian, Levon"]
[Result "1/2-1/2"]
[WhiteElo "2734"]
[BlackElo "2727"]
[EventDate "2023.11.19"]

1. d4 Nf6 2. c4 e6 3. Nf3 d5 4. Nc3 Bb4 5. Bg5 h6 6. Bh4 dxc4 7. a3 Bxc3+
8. bxc3 c5 9. e3 Qd5 10. Qa4+ Bd7 11. Qxc4 Nc6 12. Rb1 Na5 13. Qxd5 Nxd5
14. c4 Ne7 15. Bd3 Rc8 16. O-O b6 17. Rfc1 Nf5 18. Bxf5 exf5 19. d5 f6 20.
Bg3 Kf7 21. Nd2 Rce8 22. Rc3 g5 23. f3 h5 24. h4 f4 25. exf4 Bf5 26. Re1
Rxe1+ 27. Bxe1 Re8 28. Kf1 gxf4 29. Kf2 Kg6 30. Nb3 Nxb3 31. Rxb3 Bc2 32.
Rc3 Ba4 33. Bd2 Kf5 34. g3 fxg3+ 35. Kxg3 Re2 36. Bf4 Rc2 37. Rxc2 Bxc2 38.
Bb8 a6 39. Ba7 Ke5 40. Bxb6 Kd6 41. Ba7 Bd3 42. Bb8+ Kd7 43. Ba7 Kd6 44.
Bb8+ Kd7 45. Ba7 Kd6 1/2-1/2

[Event "Sinquefield Cup 2023"]
[Site "Saint Louis"]
[Date "21.11.2023"]
[Round "1"]
[White "Dominguez, Leinier"]
[Black "Caruana, Fabiano"]
[Result "1/2-1/2"]
[WhiteElo "2745"]
[BlackElo "2795"]
[EventDate "2023.11.19"]

1. e4 c5 2. Nf3 d6 3. d4 cxd4 4. Nxd4 Nf6 5. Nc3 a6 6. f3 e5 7. Nb3 Be6 8.
Be3 Be7 9. Qd2 h5 10. Nd5 Nxd5 11. exd5 Bf5 12. Be2 a5 13. a4 Bh4+ 14. g3
Be7 15. Bb5+ Bd7 16. Qe2 O-O 17. Nd2 Bxb5 18. Qxb5 Bg5 19. Bxg5 Qxg5 20.
O-O-O Rc8 21. Kb1 Na6 22. Ne4 Qd8 23. f4 Nc5 24. Rhe1 Nxe4 25. Rxe4 f5 26.
Re3 e4 27. Qe2 Qd7 28. Qxh5 Qxa4 29. Rd2 Rf8 30. g4 Qe8 31. Qg5 Qd8 32. Qh5
Qe8 33. Qh3 Qg6 34. Rg2 Qh7 35. Qxh7+ Kxh7 36. gxf5 Rxf5 37. Rxe4 Raf8 38.
Rg4 b5 39. b3 b4 40. Rd4 Rh5 41. h4 Rf6 42. Re4 Rxd5 43. Rg5 Rdf5 44. Re7
Rxg5 45. fxg5 Rf4 46. h5 Rf5 47. h6 Rxg5 48. hxg7 Rxg7 49. Re1 Rg5 50. Rd1
d5 51. Re1 Kg7 52. Re6 Kf7 53. Ra6 d4 54. Rd6 Rg1+ 55. Kb2 Rd1 56. Rd5 d3
57. cxd3 Ke6 58. Rxa5 Rd2+ 59. Kc1 Rxd3 60. Ra4 Rxb3 61. Kc2 Rc3+ 62. Kb2
Rc4 63. Kb3 Rd4 64. Rxb4 Rxb4+ 65. Kxb4 1/2-1/2

[Event "Sinquefield Cup 2023"]
[Site "Saint Louis"]
[Date "21.11.2023"]
[Round "1"]
[White "Rapport, Richard"]
[Black "Nepomniachtchi, Ian"]
[Result "1/2-1/2"]
[WhiteElo "2748"]
[BlackElo "2771"]
[EventDate "2023.11.19"]

1. e4 e5 2. Nf3 Nf6 3. Nxe5 d6 4. Nf3 Nxe4 5. d4 d5 6. Bd3 Bd6 7. O-O O-O
8. c4 c6 9. cxd5 cxd5 10. Nc3 Nxc3 11. bxc3 Bg4 12. Rb1 Nd7 13. h3 Bh5 14.
Rb5 Nf6 15. Bg5 a6 16. Bxf6 Qxf6 17. Rxd5 Bxf3 18. Qxf3 Qxf3 19. gxf3 Rfd8
20. c4 Ba3 21. Be4 Rxd5 22. Bxd5 Rd8 23. Bxb7 Rxd4 24. Bxa6 Rd2 25. Re1 g6
26. c5 Bxc5 27. Re2 Rxe2 28. Bxe2 Ba3 29. Kg2 Kg7 30. f4 f5 31. Bc4 Kf6 32.
Bg8 Kg7 33. Bc4 Kf6 34. Bg8 Kg7 35. Bc4 1/2-1/2

[Event "Sinquefield Cup 2023"]
[Site "Saint Louis"]
[Date "21.11.2023"]
[Round "1"]
[White "Giri, Anish"]
[Black "Duda, Jan-Krzysztof"]
[Result "1/2-1/2"]
[WhiteElo "2752"]
[BlackElo "2731"]
[EventDate "2023.11.19"]

1. e4 e5 2. Nf3 Nc6 3. Bb5 Nf6 4. O-O Nxe4 5. d4 Nd6 6. Bxc6 dxc6 7. dxe5
Nf5 8. Qxd8+ Kxd8 9. h3 Ke8 10. Nc3 a5 11. Rd1 a4 12. Bf4 h6 13. b3 b5 14.
g4 Bb4 15. Bd2 Ne7 16. Nxb5 cxb5 17. Bxb4 Nc6 18. Bc5 h5 19. Nd4 Nxd4 20.
Rxd4 hxg4 21. Rad1 Bb7 22. Rd7 Bf3 23. Re7+ Kf8 24. Rd8+ Rxd8 25. Rd7+ Ke8
26. Re7+ Kf8 27. Rd7+ Ke8 28. Re7+ Kf8 29. Rd7+ 1/2-1/2

[Event "Sinquefield Cup 2023"]
[Site "Saint Louis"]
[Date "21.11.2023"]
[Round "1"]
[White "So, Wesley"]
[Black "Firouzja, Alireza"]
[Result "1/2-1/2"]
[WhiteElo "2752"]
[BlackElo "2777"]
[EventDate "2023.11.19"]

1. d4 Nf6 2. c4 e6 3. Nf3 d5 4. Nc3 c5 5. cxd5 cxd4 6. Nxd4 Nxd5 7. Bd2 Bc5
8. Nb3 Bb6 9. g3 O-O 10. Bg2 Nc6 11. O-O Nxc3 12. Bxc3 e5 13. Qxd8 Rxd8 14.
Rfd1 Be6 15. Rxd8+ Rxd8 16. Bxc6 bxc6 17. Na5 Rc8 18. b3 Bxa5 19. Bxa5 c5
20. Kf1 c4 21. Rc1 cxb3 22. Rxc8+ Bxc8 23. axb3 f6 24. Ke1 Bd7 25. Bb4 Be6
26. Bc5 Bxb3 27. Bxa7 Ba2 28. Bb6 Bb3 29. Ba7 Ba2 30. Bb6 Bb3 31. Ba7
1/2-1/2

[Event "Sinquefield Cup 2023"]
[Site "Saint Louis"]
[Date "22.11.2023"]
[Round "2"]
[White "Nepomniachtchi, Ian"]
[Black "Dominguez, Leinier"]
[Result "1/2-1/2"]
[WhiteElo "2771"]
[BlackElo "2745"]
[EventDate "2023.11.19"]

1. c4 c5 2. Nf3 Nf6 3. Nc3 Nc6 4. g3 d5 5. cxd5 Nxd5 6. Bg2 g6 7. Ne4 c4 8.
Qc2 b5 9. b3 Bg7 10. Bb2 Ndb4 11. Qc1 Bxb2 12. Qxb2 O-O 13. O-O Rb8 14. a3
Bf5 15. Nh4 Bxe4 16. Bxe4 Nd5 17. bxc4 bxc4 18. Qc2 Na5 19. Rab1 Nf6 20.
Bg2 Qd6 21. Nf3 Rxb1 22. Rxb1 Qxa3 23. Nd4 Rc8 24. h3 e5 25. Nb5 Qc5 26.
Qa4 Nb3 27. Qa6 Rb8 28. Na3 Kg7 29. Nxc4 Rb4 30. Ne3 e4 31. Qa3 Qb6 32. d3
exd3 33. exd3 a5 34. Nc4 Qb5 35. Nxa5 Ra4 36. Qxb3 Qxa5 37. Qb5 Qa7 38. Qe5
Ra5 39. Qe3 Qc7 40. d4 Ra7 41. Rc1 Qd8 42. d5 Rd7 43. Qd4 Kg8 44. Rc5 Ne8
45. Rc6 Qe7 46. Bf3 Nd6 47. Kg2 Rd8 48. h4 h5 49. Ra6 Nf5 50. Qa1 Rd6 51.
Ra8+ Rd8 52. Ra2 Qd6 53. Be4 Re8 54. Ra8 Ng7 55. Ra6 Qe7 56. Bd3 Rd8 57.
Ra7 Rd7 58. Rxd7 Qxd7 59. Qa8+ Qe8 60. Qc6 Kf8 61. Qc5+ Kg8 62. d6 Qa8+ 63.
Kg1 Qa1+ 64. Kg2 Qa8+ 65. Kh2 Ne6 66. Qc4 Qa7 67. Kg2 Qd4 68. Qxd4 Nxd4 69.
d7 Nc6 70. Bb5 Nd8 71. Kf3 Kf8 72. Ke4 Ke7 73. f4 Ne6 74. Bc6 Kd6 75. Ba4
Nc5+ 76. Kd4 Nxd7 77. Bxd7 Kxd7 78. f5 Ke7 79. Ke5 f6+ 80. Kf4 gxf5 81.
Kxf5 Kf7 82. Kf4 Ke6 83. g4 hxg4 84. Kxg4 Kf7 85. Kf5 Kg7 86. h5 Kh6 87.
Kxf6 Kxh5 1/2-1/2

[Event "Sinquefield Cup 2023"]
[Site "Saint Louis"]
[Date "22.11.2023"]
[Round "2"]
[White "Firouzja, Alireza"]
[Black "Giri, Anish"]
[Result "1/2-1/2"]
[WhiteElo "2777"]
[BlackElo "2752"]
[EventDate "2023.11.19"]

1. e4 e5 2. Nf3 Nc6 3. Bc4 Nf6 4. d3 Bc5 5. O-O O-O 6. Nbd2 d6 7. c3 a5 8.
Re1 Be6 9. b3 Ng4 10. Re2 d5 11. exd5 Bxd5 12. Qc2 f5 13. h3 Bxc4 14. Nxc4
e4 15. dxe4 Nxf2 16. exf5 Qd1+ 17. Kh2 Qxc2 18. Rxc2 Rxf5 19. Be3 Ne4 20.
Bxc5 Rxc5 21. Re1 Nf6 22. a4 b5 23. axb5 Rxb5 24. Re6 Nd8 25. Re5 Rxb3 26.
Nxa5 Rb6 27. Nc4 Rc6 28. Na5 Rb6 29. Nc4 Rc6 30. Na5 Rb6 1/2-1/2

[Event "Sinquefield Cup 2023"]
[Site "Saint Louis"]
[Date "22.11.2023"]
[Round "2"]
[White "So, Wesley"]
[Black "Vachier Lagrave, Maxime"]
[Result "1/2-1/2"]
[WhiteElo "2752"]
[BlackElo "2734"]
[EventDate "2023.11.19"]

1. e4 c5 2. Nf3 d6 3. d4 cxd4 4. Nxd4 Nf6 5. Nc3 a6 6. Bd3 g6 7. f3 Qb6 8.
a3 Nc6 9. Be3 e5 10. Nf5 Qd8 11. Ng3 Be6 12. Qd2 Bg7 13. Bh6 Bxh6 14. Qxh6
Qb6 15. O-O-O O-O-O 16. Rhe1 d5 17. exd5 Nxd5 18. Nxd5 Bxd5 19. Be4 Nd4 20.
Kb1 Be6 21. Bd3 Qc7 22. Ne2 Nxe2 23. Bxe2 f6 24. g4 Rxd1+ 25. Rxd1 Rd8 26.
Rxd8+ Qxd8 27. Bd3 Qe7 28. Qe3 Qd6 29. Qh6 Qe7 30. Qe3 Qd6 31. Qh6 Qe7
1/2-1/2

[Event "Sinquefield Cup 2023"]
[Site "Saint Louis"]
[Date "22.11.2023"]
[Round "2"]
[White "Caruana, Fabiano"]
[Black "Aronian, Levon"]
[Result "1/2-1/2"]
[WhiteElo "2795"]
[BlackElo "2727"]
[EventDate "2023.11.19"]

1. e4 e5 2. Nf3 Nc6 3. Bb5 Nf6 4. d3 Bc5 5. Bxc6 dxc6 6. c3 Nd7 7. d4 exd4
8. cxd4 Bb4+ 9. Bd2 a5 10. O-O O-O 11. Bg5 f6 12. Bh4 Nb6 13. a3 Be7 14.
Re1 Be6 15. Nbd2 Nc4 16. Nxc4 Bxc4 17. Rc1 Bf7 18. Bg3 a4 19. Rc3 Re8 20.
h3 Bf8 21. Qc1 Qd7 22. d5 c5 23. Rce3 Ra6 24. Rd1 Bh5 25. Rde1 Bf7 26. Qc2
b5 27. Rd1 c6 28. d6 Bb3 29. Rxb3 axb3 30. Qxb3+ c4 31. Qe3 c3 32. Qxc3
Rxe4 33. Nd2 Re8 34. Nb3 Qf7 35. Qf3 Ra7 36. Nc5 Rc8 37. b4 h6 38. Rd3 f5
39. Bf4 g5 40. Be5 Qg6 41. Qd1 Rd8 42. f4 gxf4 43. Bxf4 Rg7 44. Qd2 Qf6 45.
Qa2+ Qf7 46. Qxf7+ Kxf7 47. Nb7 Rd7 48. Nc5 Rd8 49. Nb7 Rd7 50. Nc5 Rd8
1/2-1/2

[Event "Sinquefield Cup 2023"]
[Site "Saint Louis"]
[Date "23.11.2023"]
[Round "3"]
[White "Rapport, Richard"]
[Black "Firouzja, Alireza"]
[Result "1/2-1/2"]
[WhiteTitle "GM"]
[BlackTitle "GM"]
[WhiteElo "2748"]
[BlackElo "2777"]
[WhiteFideId "738590"]
[BlackFideId "12573981"]
[EventDate "2023.11.21"]

1. e4 e5 2. Nf3 Nf6 3. Nxe5 d6 4. Nf3 Nxe4 5. Nc3 Nxc3 6. dxc3 Be7 7. Bf4 O-O 8.
Qd2 Nd7 9. O-O-O Nb6 10. Bd3 d5 11. h4 c5 12. Ng5 h6 13. c4 f5 14. Qe3 Bf6 15.
Ne6 Bxb2+ 16. Kb1 Bd4 17. Nxd4 Re8 18. Bc7 cxd4 19. Bxd8 dxe3 20. Bxb6 axb6 21.
cxd5 exf2 22. Rhf1 Ra4 23. Rxf2 Rxh4 24. Bxf5 Rb4+ 25. Ka1 Bxf5 26. Rxf5 Rd8 27.
d6 Rd7 28. a3 Rc4 29. Kb2 Rc6 30. Rfd5 Kf7 31. R5d3 Ke6 32. Re1+ Kf7 33. Red1
Ke6 34. Re1+ Kf7 35. Red1 Ke6 1/2-1/2

[Event "Sinquefield Cup 2023"]
[Site "Saint Louis"]
[Date "23.11.2023"]
[Round "3"]
[White "Giri, Anish"]
[Black "So, Wesley"]
[Result "1/2-1/2"]
[WhiteTitle "GM"]
[BlackTitle "GM"]
[WhiteElo "2752"]
[BlackElo "2752"]
[WhiteFideId "24116068"]
[BlackFideId "5202213"]
[EventDate "2023.11.21"]

1. e4 e5 2. Nf3 Nc6 3. Bb5 Nf6 4. d3 Bc5 5. Bxc6 dxc6 6. Nbd2 Nd7 7. O-O a5 8.
Nc4 Qe7 9. c3 O-O 10. Re1 Qe6 11. b3 b5 12. Ne3 Re8 13. Nf5 Bf8 14. Be3 a4 15.
Rb1 axb3 16. axb3 c5 17. c4 f6 18. Qc2 g6 19. Nh6+ Bxh6 20. Bxh6 b4 21. Bc1 Nb8
22. Be3 Qd6 23. Ra1 Rxa1 24. Rxa1 Nc6 25. Ra8 Kf7 26. Ne1 Bd7 27. Rxe8 Bxe8 28.
Qa2 Nd8 29. f3 Ne6 30. Kf1 f5 31. Qa1 f4 32. Bf2 g5 33. Ke2 h5 34. h3 Ke7 35.
Nc2 h4 36. Qa8 Qc6 37. Qa1 Qd6 38. Qa8 Qc6 39. Qa1 Qd6 1/2-1/2

[Event "Sinquefield Cup 2023"]
[Site "Saint Louis"]
[Date "23.11.2023"]
[Round "3"]
[White "Aronian, Levon"]
[Black "Nepomniachtchi, Ian"]
[Result "1/2-1/2"]
[WhiteTitle "GM"]
[BlackTitle "GM"]
[WhiteElo "2727"]
[BlackElo "2771"]
[WhiteFideId "13300474"]
[BlackFideId "4168119"]
[EventDate "2023.11.21"]

1. d4 Nf6 2. c4 e6 3. Nf3 d5 4. e3 Be7 5. Nc3 O-O 6. cxd5 exd5 7. Bd3 b6 8. O-O
Ba6 9. Bxa6 Nxa6 10. Ne5 Bd6 11. Qe2 Nb8 12. e4 Nxe4 13. Nxd5 Bxe5 14. Qxe4 c6
15. dxe5 cxd5 16. Qg4 Qd7 17. Qxd7 Nxd7 18. f4 Nc5 19. Rd1 Rfd8 20. Be3 g6 21.
g4 Ne6 22. f5 d4 23. fxe6 dxe3 24. Kf1 Rd2 25. Rxd2 exd2 26. Rd1 Re8 27. exf7+
Kxf7 28. Rxd2 Rxe5 29. Rd7+ Re7 30. Rd2 Re5 31. Rd7+ Re7 32. Rd2 Re5 1/2-1/2

[Event "Sinquefield Cup 2023"]
[Site "Saint Louis"]
[Date "23.11.2023"]
[Round "3"]
[White "Vachier-Lagrave, Maxime"]
[Black "Caruana, Fabiano"]
[Result "1/2-1/2"]
[WhiteTitle "GM"]
[BlackTitle "GM"]
[WhiteElo "2734"]
[BlackElo "2795"]
[WhiteFideId "623539"]
[BlackFideId "2020009"]
[EventDate "2023.11.21"]

1. e4 e5 2. Nf3 Nc6 3. Bb5 a6 4. Ba4 Nf6 5. O-O Be7 6. Re1 b5 7. Bb3 d6 8. c3
O-O 9. h3 Bb7 10. d4 Re8 11. Ng5 Rf8 12. Nf3 Re8 13. a3 h6 14. Nbd2 Bf8 15. Bc2
Nb8 16. b3 Nbd7 17. Bb2 g6 18. Bd3 Bg7 19. a4 bxa4 20. Rxa4 d5 21. dxe5 Nxe4 22.
Nxe4 dxe4 23. Bxe4 Bxe4 24. Raxe4 Nxe5 25. Rxe5 Bxe5 26. Qxd8 Raxd8 27. Rxe5
Rxe5 28. Nxe5 Rd1+ 29. Kh2 Rd2 30. Ba3 Rxf2 31. Bc5 Rc2 32. Bd4 c5 33. Bxc5 Rxc3
34. b4 g5 35. Bb6 f5 36. Ba5 Rc2 37. Nd7 f4 38. Kg1 Rc1+ 39. Kf2 Rc2+ 40. Kg1
Rc1+ 41. Kf2 Rc2+ 42. Kg1 1/2-1/2

[Event "Sinquefield Cup 2023"]
[Site "Saint Louis"]
[Date "24.11.2023"]
[Round "4"]
[White "Giri, Anish"]
[Black "Vachier Lagrave, Maxime"]
[Result "1/2-1/2"]
[WhiteElo "2752"]
[BlackElo "2734"]
[EventDate "2023.11.19"]

1. Nf3 d5 2. d4 Nf6 3. c4 dxc4 4. e3 e6 5. Bxc4 a6 6. O-O c5 7. Re1 Be7 8.
dxc5 Bxc5 9. Qxd8+ Kxd8 10. Nc3 Ke7 11. e4 b5 12. e5 Ng4 13. Ne4 Bb4 14.
Bg5+ f6 15. exf6+ gxf6 16. Bd5 Ra7 17. Bd2 Bxd2 18. Nexd2 Rc7 19. h3 Nh6
20. Bxe6 Bxe6 21. Nd4 Rc6 22. Nxc6+ Nxc6 23. Rac1 Rc8 24. f4 Nf5 25. Rc5
Nfd4 26. Rh5 Kf7 27. Rxh7+ Kg6 28. Rb7 Nd8 29. Rb6 Rc2 30. Ne4 N8c6 31.
Rxa6 Rxb2 32. f5+ Bxf5 33. Nd6 Bxh3 34. gxh3 Nf3+ 35. Kf1 Nh2+ 36. Kg1 Nf3+
37. Kf1 Nh2+ 38. Kg1 Nf3+ 1/2-1/2

[Event "Sinquefield Cup 2023"]
[Site "Saint Louis"]
[Date "24.11.2023"]
[Round "4"]
[White "Nepomniachtchi, Ian"]
[Black "Caruana, Fabiano"]
[Result "1/2-1/2"]
[WhiteElo "2771"]
[BlackElo "2795"]
[EventDate "2023.11.19"]

1. d4 Nf6 2. c4 e6 3. Nc3 Bb4 4. e3 O-O 5. Bd2 d5 6. a3 Be7 7. Nf3 Nbd7 8.
Qc2 dxc4 9. Bxc4 c5 10. O-O cxd4 11. exd4 Nb6 12. Ba2 Bd7 13. Ne5 Rc8 14.
Qd3 Na4 15. Bb3 Nxc3 16. bxc3 Bc6 17. Rfe1 Nd7 18. Nxf7 Rxf7 19. Bxe6 Nf6
20. c4 Bd7 21. Bxf7+ Kxf7 22. Bb4 Bf8 23. d5 Qc7 24. Rac1 Qf4 25. Bxf8 Kxf8
26. c5 Ng4 27. Qg3 Qxg3 28. hxg3 Nf6 29. Re5 a6 30. f3 Bb5 31. g4 Nd7 32.
Rf5+ Kg8 33. c6 bxc6 34. dxc6 Rxc6 35. Rd1 h6 36. Rxb5 axb5 37. Rxd7 Rc3
38. Ra7 Rb3 39. Ra5 b4 40. axb4 Rxb4 41. g5 hxg5 42. Rxg5 Kf7 43. Kh2 Kf6
44. Ra5 Rh4+ 45. Kg3 Rb4 46. f4 Rb2 47. Kh3 Rf2 48. g3 g6 49. Ra6+ Kf7 50.
Kg4 Rb2 51. Ra7+ Kf6 52. Kf3 Rb3+ 53. Kg2 g5 54. Ra6+ Kf7 55. fxg5 Rb5 56.
g6+ Kg7 57. Kh3 Rb4 58. Re6 Ra4 59. g4 Rb4 60. Kh4 Rb5 61. Kg3 Rb4 62. Kh4
Rb5 63. Kg3 Rb4 64. Kh4 1/2-1/2

[Event "Sinquefield Cup 2023"]
[Site "Saint Louis"]
[Date "24.11.2023"]
[Round "4"]
[White "So, Wesley"]
[Black "Rapport, Richard"]
[Result "1-0"]
[WhiteElo "2752"]
[BlackElo "2748"]
[EventDate "2023.11.19"]

1. c4 Nf6 2. Nc3 g6 3. e4 d6 4. d4 Bg7 5. f3 O-O 6. Nge2 Nc6 7. Be3 a6 8.
Qd2 Bd7 9. Rb1 h5 10. b4 Nh7 11. d5 Ne5 12. Nd4 Rc8 13. Be2 c5 14. dxc6
Bxc6 15. Rc1 Bd7 16. Nd1 b5 17. Nb2 Nxc4 18. Nxc4 e5 19. Nb3 bxc4 20. Bxc4
Rxc4 21. Rxc4 Bb5 22. Rc1 d5 23. Qxd5 Qh4+ 24. g3 Qf6 25. Kf2 Rd8 26. Qb7
Rd3 27. Qb6 Qxb6 28. Bxb6 Ng5 29. h4 Rxf3+ 30. Kg2 Rxb3 31. axb3 Nxe4 32.
Rhe1 Nd2 33. Rc8+ Kh7 34. Rc7 Kg8 35. Rc8+ Kh7 36. Rc7 Kg8 37. Re3 1-0

[Event "Sinquefield Cup 2023"]
[Site "Saint Louis"]
[Date "24.11.2023"]
[Round "4"]
[White "Firouzja, Alireza"]
[Black "Dominguez, Leinier"]
[Result "1/2-1/2"]
[WhiteElo "2777"]
[BlackElo "2745"]
[EventDate "2023.11.19"]

1. d4 Nf6 2. Nf3 d5 3. Bf4 e6 4. e3 c5 5. Nbd2 Nc6 6. c3 cxd4 7. exd4 Nh5
8. Be3 Bd6 9. Bb5 Nf4 10. O-O Ng6 11. Bd3 O-O 12. Ng5 h6 13. Ngf3 Nce7 14.
Re1 Bd7 15. Nf1 Rc8 16. a4 f6 17. Qb3 Bc6 18. Bd2 Qd7 19. h4 Rce8 20. h5
Nf4 21. Bxf4 Bxf4 22. Bb1 Bc7 23. Qc2 Kf7 24. Ng3 Rg8 25. b3 g6 26. Nh4 f5
27. Nf3 gxh5 28. Nxh5 Rg4 29. Qd2 Reg8 30. Qxh6 Rxg2+ 31. Kf1 R2g6 32. Qh7+
Kf8 33. Bd3 Nc8 34. Qxd7 Bxd7 35. Ne5 Bxe5 36. dxe5 Rh8 37. Nf6 Bc6 38. Ke2
Ne7 39. Rh1 Rgh6 40. Rxh6 Rxh6 41. f4 Ng6 42. Rf1 Rh4 43. Ke3 Rh3+ 44. Kd4
Rh4 45. Ke3 Rh3+ 46. Kd4 Rh4 47. Ke3 1/2-1/2

[Event "Sinquefield Cup 2023"]
[Site "Saint Louis"]
[Date "25.11.2023"]
[Round "5"]
[White "Dominguez, Leinier"]
[Black "So, Wesley"]
[Result "1/2-1/2"]
[WhiteElo "2745"]
[BlackElo "2752"]
[EventDate "2023.11.19"]

1. e4 e5 2. Nf3 Nc6 3. Bb5 Nf6 4. O-O Nxe4 5. d4 Nd6 6. Bxc6 dxc6 7. dxe5
Nf5 8. Qxd8+ Kxd8 9. h3 Ke8 10. Nc3 b6 11. Rd1 Bb4 12. Ne2 Bb7 13. Ned4
Nxd4 14. Nxd4 Rg8 15. Bf4 g5 16. Bg3 Rd8 17. e6 Bc5 18. c3 Bxd4 19. exf7+
Kxf7 20. cxd4 Rd7 21. Be5 h5 22. Re1 Re8 23. Re3 c5 24. dxc5 Kg6 25. Rc1
Bd5 26. a3 g4 27. cxb6 cxb6 28. Kh2 Kf5 29. Bd4 Re4 30. Rxe4 Kxe4 31. Be3
Be6 32. hxg4 hxg4 33. Kg3 Rd3 34. Rc7 Rb3 35. Rxa7 Rxb2 36. Ra6 Rb3 37. Kh4
Bc8 38. Ra8 Be6 39. Ra6 Bc8 40. Ra8 Be6 41. a4 Rb4 42. Kg5 Kd5 43. g3 Bd7
44. Ra7 Ke6 45. Bf4 Rxa4 46. Rb7 Ke7 47. Rxb6 Ra5+ 48. Kg6 Bf5+ 49. Kg7 Be4
50. Bd6+ Kd7 51. Bb4 Rf5 52. Rd6+ Kc7 53. Rd4 Bf3 54. Kg6 Rd5 55. Rf4 Kc6
56. Kf6 Bd1 57. Kg6 Bc2+ 58. Kh6 Bd1 59. Ba3 Kd7 60. Re4 Bf3 61. Re7+ Kc6
62. Bc1 Kd6 63. Re1 Kc5 64. Re8 Kc4 65. Bg5 Kd4 66. Kh5 Re5 67. Rd8+ Rd5
68. Rf8 Kd3 69. Re8 Ra5 70. Re3+ Kd4 71. Kh4 Ra2 72. Re7 Kd3 73. Be3 Ke2
74. Re5 Kf1 75. Kg5 Kg2 76. Rc5 Ra8 77. Re5 Rg8+ 78. Kf4 Rf8+ 79. Kg5 Rg8+
80. Kf4 Rf8+ 81. Kg5 Rg8+ 1/2-1/2

[Event "Sinquefield Cup 2023"]
[Site "Saint Louis"]
[Date "25.11.2023"]
[Round "5"]
[White "Aronian, Levon"]
[Black "Firouzja, Alireza"]
[Result "1-0"]
[WhiteElo "2727"]
[BlackElo "2777"]
[EventDate "2023.11.19"]

1. d4 Nf6 2. c4 e6 3. Nc3 Bb4 4. Nf3 b6 5. Qb3 a5 6. g3 Bb7 7. Bg2 d6 8.
O-O Nbd7 9. Qc2 O-O 10. Rd1 Qe7 11. b3 c5 12. Bb2 d5 13. cxd5 Bxc3 14. d6
Qxd6 15. Qxc3 Qe7 16. dxc5 Nxc5 17. Ne5 Bxg2 18. Kxg2 Qb7+ 19. Qf3 Nfe4 20.
Bd4 f5 21. Nc4 a4 22. b4 Nd7 23. Kg1 Ndf6 24. Bxf6 Rxf6 25. Qe3 Rc8 26.
Rac1 b5 27. Ne5 Rff8 28. f3 Nf6 29. Rxc8 Qxc8 30. Rc1 Nd5 31. Rxc8 Nxe3 32.
Rc5 Rb8 33. Nc6 Rb6 34. Nd4 a3 35. Nxb5 Nd5 36. Nxa3 Rxb4 37. Nc2 Ra4 38.
a3 g5 39. Kf2 h5 40. Rb5 Rc4 41. Nb4 Nxb4 42. axb4 Kf7 43. Ke3 Rc3+ 44. Kd4
Rc2 45. Kd3 Rb2 46. Rb7+ Kf6 47. b5 Ke5 48. b6 Kd6 49. Rb8 Kc6 50. b7 g4
51. Ke3 gxf3 52. Kxf3 Rb6 53. Kf4 Rb4+ 54. Kg5 Re4 55. Rc8+ Kxb7 56. Rc2 h4
57. gxh4 Rg4+ 58. Kf6 Rg2 59. h3 f4 60. Rc4 Rxe2 61. Rxf4 e5 62. Rc4 Re3
63. h5 e4 64. Kg5 Kb6 65. h4 Kb5 66. Rc8 Re1 67. h6 1-0

[Event "Sinquefield Cup 2023"]
[Site "Saint Louis"]
[Date "25.11.2023"]
[Round "5"]
[White "Rapport, Richard"]
[Black "Giri, Anish"]
[Result "1/2-1/2"]
[WhiteElo "2748"]
[BlackElo "2752"]
[EventDate "2023.11.19"]

1. e4 e5 2. Nf3 Nc6 3. Bc4 Nf6 4. d3 Bc5 5. Nc3 h6 6. O-O O-O 7. h3 a6 8.
a4 d6 9. Ne2 d5 10. exd5 Nxd5 11. c3 Re8 12. Ng3 Be6 13. Re1 Bd6 14. a5 Nf6
15. Bxe6 Rxe6 16. Qb3 b6 17. axb6 cxb6 18. Be3 b5 19. Red1 Bf8 20. Ne4 Nd5
21. Bd2 Nf6 22. Be3 Nd5 23. Bd2 Nf6 24. Be3 1/2-1/2

[Event "Sinquefield Cup 2023"]
[Site "Saint Louis"]
[Date "25.11.2023"]
[Round "5"]
[White "Vachier Lagrave, Maxime"]
[Black "Nepomniachtchi, Ian"]
[Result "1/2-1/2"]
[WhiteElo "2734"]
[BlackElo "2771"]
[EventDate "2023.11.19"]

1. e4 e5 2. Nf3 Nc6 3. Bb5 a6 4. Ba4 Nf6 5. O-O Bc5 6. c3 Ba7 7. d4 b5 8.
Bb3 d6 9. dxe5 Nxe5 10. Nxe5 dxe5 11. Qxd8+ Kxd8 12. Bxf7 Rf8 13. Bd5 Nxd5
14. exd5 Bb7 15. Be3 Bxe3 16. fxe3 Rxf1+ 17. Kxf1 Bxd5 18. Nd2 Ke7 19. e4
Be6 20. Ke2 a5 21. a4 c6 22. axb5 cxb5 23. Ke3 a4 24. Nf3 Kf6 25. Rf1 Bc4
26. Rf2 a3 27. bxa3 Rxa3 28. Kd2 Ra2+ 29. Ke3 Ra3 30. Kd2 Ke6 31. Ng5+ Kd6
32. Nxh7 Ra2+ 33. Ke3 Ra3 34. Kd2 Kc5 35. Ng5 Ra2+ 36. Ke3 Ra3 37. Kd2 Ra2+
38. Ke3 Ra3 39. Kd2 1/2-1/2

[Event "Sinquefield Cup 2023"]
[Site "Saint Louis"]
[Date "27.11.2023"]
[Round "6"]
[White "Rapport, Richard"]
[Black "Vachier Lagrave, Maxime"]
[Result "1/2-1/2"]
[WhiteElo "2748"]
[BlackElo "2734"]
[EventDate "2023.11.19"]

1. e4 c5 2. Nf3 d6 3. c3 Nf6 4. Be2 g6 5. O-O Bg7 6. Bb5+ Nc6 7. d4 O-O 8.
d5 Na5 9. Re1 Bd7 10. Bf1 b5 11. e5 dxe5 12. Nxe5 c4 13. b4 Nb7 14. a4 a6
15. g3 Nd6 16. axb5 axb5 17. Rxa8 Qxa8 18. Nxd7 Nxd7 19. Rxe7 Nf6 20. Bg2
Re8 21. Rxe8+ Nfxe8 22. Qc2 h5 23. h4 Nf5 24. Bf4 Ned6 25. Bf3 Bh6 26. Bxh6
Nxh6 27. Nd2 Nhf5 28. Kg2 Qe8 29. Ne4 Qe5 30. Nxd6 Nxd6 31. Qc1 Kg7 32. Kf1
Kf6 33. Kg2 Kg7 34. Kf1 Kf6 35. Kg2 Kg7 1/2-1/2

[Event "Sinquefield Cup 2023"]
[Site "Saint Louis"]
[Date "27.11.2023"]
[Round "6"]
[White "Giri, Anish"]
[Black "Dominguez, Leinier"]
[Result "0-1"]
[WhiteElo "2752"]
[BlackElo "2745"]
[EventDate "2023.11.19"]

1. g3 c5 2. Bg2 Nc6 3. e4 g6 4. d3 Bg7 5. f4 d6 6. Nh3 h5 7. Nf2 e5 8. Nc3
Nf6 9. h3 Bh6 10. Ne2 Nd4 11. O-O Ne6 12. fxe5 Bxc1 13. Qxc1 dxe5 14. Nd1
h4 15. g4 g5 16. Ne3 Nf4 17. Qe1 Be6 18. Nxf4 gxf4 19. Nf5 Bxf5 20. exf5
Qd4+ 21. Kh1 O-O-O 22. Qa5 Kb8 23. Rae1 Rhe8 24. c3 Qxd3 25. Qxc5 Qg3 26.
Qf2 Qxf2 27. Rxf2 Nh7 28. f6 Ng5 29. Be4 Rd6 30. Kg2 Kc7 31. Bf5 Kd8 32. b4
Rxf6 33. Rd2+ Kc7 34. Rd7+ Kb8 35. c4 e4 36. c5 e3 37. Kf1 a6 38. Rd6 Rxf5
39. gxf5 Nf3 40. Re2 Re4 41. a3 Ne5 42. Rc2 f3 43. Rc1 Rc4 44. Re1 Rc3 45.
Rd8+ Kc7 46. Re8 e2+ 47. Kf2 Nd3+ 48. Kxf3 Nxe1+ 49. Kxe2 Ng2 50. Re7+ Kc6
51. Rxf7 Nf4+ 52. Kd2 Rxh3 53. Rf6+ Kd5 54. Rd6+ Ke5 55. f6 Rf3 56. f7 Ne6
0-1

[Event "Sinquefield Cup 2023"]
[Site "Saint Louis"]
[Date "28.11.2023"]
[Round "7"]
[White "Caruana, Fabiano"]
[Black "So, Wesley"]
[Result "1-0"]
[WhiteElo "2795"]
[BlackElo "2752"]
[EventDate "2023.11.19"]

1. d4 Nf6 2. c4 e6 3. Nc3 Bb4 4. e3 c5 5. Nge2 d5 6. a3 Ba5 7. dxc5 dxc4 8.
Bd2 Nbd7 9. Ng3 b6 10. Qf3 Rb8 11. c6 Ne5 12. Qf4 Bxc3 13. Bxc3 Nxc6 14.
Rd1 Qe7 15. Bxc4 b5 16. Bxf6 Qxf6 17. Qd6 e5 18. Bxf7+ Kxf7 19. Qc7+ Qe7
20. Qxc6 Bb7 21. Qxb5 Bxg2 22. Qc4+ Kf8 23. Nf5 Qf6 24. Qc5+ Kg8 25. Qc7
1-0

[Event "Sinquefield Cup 2023"]
[Site "Saint Louis"]
[Date "28.11.2023"]
[Round "7"]
[White "Aronian, Levon"]
[Black "Giri, Anish"]
[Result "1/2-1/2"]
[WhiteElo "2727"]
[BlackElo "2752"]
[EventDate "2023.11.19"]

1. e4 e5 2. Nf3 Nf6 3. Nxe5 d6 4. Nf3 Nxe4 5. d4 d5 6. Bd3 Bd6 7. O-O O-O
8. c4 c6 9. Nc3 Nxc3 10. bxc3 dxc4 11. Bxc4 Bf5 12. Bg5 Qa5 13. Nh4 Be6 14.
Bxe6 Qxg5 15. Nf3 Qa5 16. Qb3 Qc7 17. Bh3 Nd7 18. a4 Nf6 19. g3 c5 20. Nd2
Rfd8 21. Nc4 Rab8 22. a5 g6 23. Rfd1 Kg7 24. Rab1 h5 25. Bg2 h4 26. Rd3
Rdc8 27. Bh3 Rh8 28. Bg2 Rhc8 29. Bh3 Rh8 30. Bg2 Rhc8 1/2-1/2